Programación y control de obras civiles
保存先:
| 第一著者: | |
|---|---|
| フォーマット: | 不明 |
| 出版事項: |
[San José, Costa Rica]
1980
|
| 主題: | |
| タグ: |
タグ追加
タグなし, このレコードへの初めてのタグを付けませんか!
|
MARC
| LEADER | 00000 a2200000 4500 | ||
|---|---|---|---|
| 003 | 001131 | ||
| 005 | 20221231143739.0 | ||
| 008 | 140114s1980 c a m 000 ||s d | ||
| 040 | |c cru CEDI | ||
| 090 | |a TFG 915 | ||
| 100 | |a Bulgarelli Medina, Carolina |9 16107 | ||
| 245 | |a Programación y control de obras civiles | ||
| 260 | |c 1980 |a [San José, Costa Rica] | ||
| 300 | |a 64 hojas ; 28 cm | ||
| 500 | |a Tesis (ingeniero civil)--Universidad de Costa Rica. | ||
| 650 | |x OBRAS PUBLICAS |x CONTROL |x COSTA RICA - OBRAS PUBLICAS |9 16108 | ||
| 942 | |c TFG | ||
| 999 | |c 11192 |d 11192 | ||
